000
00228 a2200097 4500
001
34424
100
_a
Manser
245
_a
Chambers Dictionary of Synonyms and Antonyms
260
_a
NY
_b
Cambridge
_c
1989
090
_c
22722
_d
22722
942
_a
NUST-CAE
_c
M
_c
14139
999
_c
269497
_d
269497